000
00325nam a2200169Ia 4500
100
_a
Obe/Regina/ Hsu/Leo
650
_a
SQL
250
_a
3
942
_c
BK
366
_f
20
654
_a
postgre
245
_a
Postgre SQL up and running
260
_b
SPD
_c
2018
082
_b
OBE
300
_a
290
546
_a
ENGLISH
999
_c
22014
_d
22014